Efficient electricity use: a reference book on energy management for engineers, architects, planners, and managers

I tiakina i:
Ngā taipitopito rārangi puna kōrero
Kaituhi matua: Smith, Craig B (Author)
Hōputu: Pukapuka
Reo:Ingarihi
I whakaputaina: Nueva York Pergamon 1978
Putanga:2a. ed
Ngā marau:
Ngā Tūtohu: Tāpirihia he Tūtohu
Kāore He Tūtohu, Me noho koe te mea tuatahi ki te tūtohu i tēnei pūkete!

MARC

LEADER 00000nam a2200000 a 4500
001 UCU5146
003 CL-VaPUC
008 960531e19780000US |||||||||||||||||eng|d
082 0 4 |a 621.3  |b SMI  |2 21 
100 0 |a Smith, Craig B  |e author  |9 363001 
245 1 0 |a Efficient electricity use: a reference book on energy management for engineers, architects, planners, and managers 
250 |a 2a. ed 
300 |a 778 p 
942 |c BK 
945 |d 19960531 00:00:00  |a lriquelm 
260 |a Nueva York  |b Pergamon  |c 1978 
650 0 |a Electricidad  |9 260222 
650 0 |a Energía eléctrica  |9 256678 
650 7 |a TECNOLOGIA ELECTRICA  |2 CL-VaPUC  |9 336952 
650 7 |a POTENCIAL ELECTRICO  |2 CL-VaPUC  |9 363002 
583 |a last modification  |c 19960531 00:00:00  |k Rodrigo Vera 
999 |c 248605  |d 248603 
952 |0 0  |1 0  |4 0  |6 621_300000000000000_SMI_1978  |7 0  |8 A  |9 265350  |a BIBING  |b BIBING  |d 2019-11-19  |i 1663151  |o 621.3 SMI 1978  |p 1663151  |r 2025-01-20  |w 2019-11-19  |y BK  |k EIE